[Event "Chesscup Rapid 2020"]
[Site "Katowice"]
[Date "2020.09.13"]
[Round "7.5"]
[White "Nasuta, Grzegorz"]
[Black "Teclaf, Pawel"]
[Result "1-0"]
[WhiteElo "2553"]
[BlackElo "2464"]
[Annotator "TA"]
[PlyCount "83"]
[EventDate "2020.09.12"]
[EventType "swiss"]
[EventCountry "POL"]
[SourceTitle "playchess.com"]
[Source "ChessBase"]
[SourceQuality "1"]

{[%evp 11,83,26,32,30,43,43,25,21,50,25,39,13,44,42,29,34,52,31,33,-10,-6,-5,-6,-5,-15,-18,-12,-12,-20,-19,0,0,0,0,0,0,0,0,0,0,36,36,47,8,0,0,0,0,91,63,188,116,121,104,116,62,113,43,508,501,481,468,12837,12837,12837,12838,12838,12839,12839,12839,12840,12840,12841,12836]} 1. e4 c5 2. Nf3 e6 3. d4 cxd4 4. Nxd4 a6 5. c4 Nf6 6. Nc3 Bb4 7. Qd3 {B41: Sicilian: Kan Variation: 5 c4.} O-O 8. e5 Ne8 $1 9. Be2 {[#] White has an edge.} Qa5 $146 ({Predecessor:} 9... d6 10. exd6 Bxd6 11. O-O Qc7 12. h3 Nd7 13. b3 Ne5 14. Qc2 Bd7 15. Bb2 Nf6 {0-1 (73) Vokhidov,S (2526)-Iturrizaga Bonelli,E (2597) Moscow 2019}) 10. Nf3 Nc6 11. Ng5 {[%csl Gg5][%cal Rd3h7] [#]} f5 12. exf6 $1 Nxf6 13. O-O d5 14. cxd5 exd5 15. a3 (15. Bd2 {feels hotter.} Kh8 16. a3 Bd6 17. Rae1 Bd7 18. Bf3) 15... Bxc3 $1 16. Qxc3 Qxc3 17. bxc3 {[%cal Bb2c3,Bc3c4][%mdl 32]} h6 18. Nf3 Ne4 19. c4 Nc3 20. Bd3 Rxf3 21. gxf3 {And now Re1 would win.} Ne5 {[%mdl 64] [#] Double Attack} 22. Bb2 Nxd3 23. Bxc3 dxc4 24. Rfb1 b5 25. a4 b4 (25... Nf4 $5 {[%cal Rf4e2]} 26. Be5 Nd3 $11) 26. Bxb4 Bb7 27. Bc3 Bxf3 28. Rb6 Nf4 29. Be5 Ne2+ ({Better is} 29... Nd3 $11 30. Bc3 Nf4) 30. Kf1 $14 {Ra3 is the strong threat.} Re8 (30... c3 $14) 31. Rb8 (31. Ra3 $18 Be4 32. Kxe2 Rxe5 33. Kd2) 31... Rxb8 $16 32. Bxb8 {[%mdl 4096] Endgame aiming for Be5. KRB-KBN} c3 {Threatens to win with ...c2.} 33. Ba7 (33. Be5 $16) 33... Kf7 ({Black should try} 33... c2 $14 34. Be3 Kf7) 34. Be3 (34. Ra2 $16 Nf4 35. Rc2) 34... Ke6 $2 {[%mdl 8192]} (34... c2 $14) 35. Ra2 $18 {White is clearly winning.} Kd5 {intending ...Nd4.} 36. Rxe2 Bxe2+ (36... Kc4 $142 37. Re1 Bc6) 37. Kxe2 {KB-KP} Kc4 38. a5 h5 39. h4 g6 40. f3 Kb3 41. Kd3 c2 42. Bc1 {Accuracy: White = 74%, Black = 66%.} 1-0

[Event "Chesscup Rapid 2020"]
[Site "Katowice"]
[Date "2020.09.13"]
[Round "7.6"]
[White "Piorun, Kacper"]
[Black "Tsatsalashvili, Keti"]
[Result "1-0"]
[WhiteElo "2596"]
[BlackElo "2331"]
[Annotator "TA"]
[PlyCount "101"]
[EventDate "2020.09.12"]
[EventType "swiss"]
[EventCountry "POL"]
[SourceTitle "playchess.com"]
[Source "ChessBase"]
[SourceQuality "1"]

{[%evp 10,101,13,8,27,26,22,14,13,14,22,16,26,21,18,28,44,38,109,119,180,43,40,34,37,32,66,-2,56,7,40,14,24,0,0,-79,-12,-20,8,2,4,13,19,0,15,-247,43,18,460,174,171,170,171,183,173,166,173,8,8,10,16,23,41,-835,99,91,95,93,82,80,91,68,322,85,295,159,314,295,295,288,295,175,295,295,295,295,295,295,295,295,29986,29988,29988,29988]} 1. d4 Nf6 2. Nf3 e6 3. e3 d5 4. b3 c5 5. Bb2 cxd4 6. exd4 Bb4+ {D05: Colle System with ...e6.} 7. c3 Bd6 8. Nbd2 O-O {The position is equal.} 9. Bd3 Nc6 10. O-O b6 11. Re1 Qc7 12. Qe2 {[#]} Nd7 $146 ({Predecessor:} 12... Bb7 13. Ne5 a5 14. a4 Nb8 15. c4 Na6 16. Rac1 Qe7 17. cxd5 Nxd5 18. Qh5 Nf6 {1-0 (33) Baltazar Pineda,R (2163)-Serra Toka,M Mexico 1999}) 13. c4 dxc4 (13... Nf6 $14) 14. bxc4 $16 Bb7 (14... h6 $16) 15. Rac1 (15. d5 $18) 15... Rfe8 $14 16. Ne4 Bf4 17. Rcd1 Rad8 18. a3 (18. g3 $14 Bh6 19. Ba3) 18... Nf8 (18... Na5 $11) 19. Qc2 Ng6 20. Bf1 Na5 21. g3 Bh6 22. Bc1 (22. Qa4 $11 {keeps the balance.}) 22... Bxc1 (22... f5 $1 $17 23. Neg5 Bd5 $1 {[%mdl 512]}) 23. Rxc1 $11 Rc8 24. c5 bxc5 25. dxc5 Red8 26. Bg2 Bd5 27. Nd6 $2 {[%mdl 8192]} (27. Nd4 $11) 27... Rb8 $2 ({Not} 27... Rxd6 28. cxd6 Qxc2 29. Rxc2 $15) (27... Bxf3 $1 $19 28. Nxc8 Bxg2) 28. Nd4 Ne7 $2 {[%mdl 8192] [#]} (28... Bxg2 $1 $11 29. Kxg2 e5) 29. Bxd5 $2 (29. Nxf7 $1 {[%mdl 512]} Kxf7 30. Bxd5 Rxd5 31. Nxe6) 29... Nxd5 $18 30. Qa4 a6 {[#]} 31. Nxf7 $1 {[%mdl 576] Deflection} Qxf7 32. Qxa5 Nf4 {[#] ...Nh3+ is the strong threat.} 33. Qc3 $2 (33. Qd2 $1 $18 Nh3+ 34. Kg2) 33... Nh3+ $11 34. Kg2 Qxf2+ 35. Kxh3 Rxd4 36. Qe3 $2 {[%mdl 8192]} (36. Rf1 $14 Qd2 37. Qxd2 Rxd2 38. c6) 36... Qxe3 $2 (36... Qf5+ $19 37. Kg2 Rb2+ 38. Re2 Qd5+ 39. Kf2 Rxe2+ 40. Kxe2 Qg2+ 41. Ke1 {[#]} Re4 $1 {[%mdl 512]} 42. Qxe4 Qxe4+ 43. Kf2 Qd5) 37. Rxe3 $19 {[%mdl 4096] Endgame KRR-KRR} Kf7 38. Rf1+ Kg8 39. Rxe6 {Threatens to win with Re7.} Rd5 40. c6 {Strongly threatening c7!} (40. Rc1 {looks sharper.} Rc8 41. c6 Kf7 42. Re4 Rc7 43. Ra4) 40... Rc8 $2 {[%mdl 8192]} (40... Rh5+ $14 41. Kg4 Rc5) 41. Rc1 $2 (41. Re7 $18 {and the rest is easy.}) 41... h6 $2 (41... Kf7 $16 42. Re4 Rc7 43. Rf1+ Kg6) 42. Re4 ({Better is} 42. c7 $18) 42... Ra5 $2 (42... Rc7 $16 {was worth a try.} 43. Rb4 Rd6) 43. a4 Rh5+ 44. Kg2 Rd5 45. Rc2 (45. c7 $142) 45... Rd6 (45... Rc7 {was called for.} 46. Rb4 Rd6) 46. c7 $18 Rd7 47. Rec4 Kf7 48. h4 Ke7 49. Kh3 Kd6 $2 (49... a5 $18 50. h5 Ke6 51. Rc6+ Rd6) 50. Rd4+ Ke7 51. Re2+ {Accuracy: White = 50%, Black = 45%.} 1-0

[Event "Chesscup Rapid 2020"]
[Site "Katowice"]
[Date "2020.09.13"]
[Round "7.7"]
[White "Krasenkova, Ilena"]
[Black "Jakubowski, Krzysztof"]
[Result "0-1"]
[WhiteElo "2178"]
[BlackElo "2481"]
[Annotator "TA"]
[PlyCount "62"]
[EventDate "2020.09.12"]
[EventType "swiss"]
[EventCountry "POL"]
[SourceTitle "playchess.com"]
[Source "ChessBase"]
[SourceQuality "1"]

{[%evp 9,61,60,76,25,68,18,26,23,28,27,55,48,49,19,47,29,83,60,52,17,54,54,56,58,152,155,154,153,206,131,118,97,182,190,179,-6,-9,-83,-18,-134,-130,-242,-241,-244,-243,-2587,-2367,-29987,-29987,-29991,-29992,-29998,-29999,-29999]} 1. d4 f5 2. Nc3 d5 3. Bg5 c6 4. e3 Nd7 5. Bd3 Ndf6 6. Nge2 {[#] A80: Dutch Defence: Unusual White second moves.} (6. Nf3 $16) 6... Qb6 $146 ({Predecessor:} 6... e6 7. f3 Qc7 8. O-O g6 9. e4 Bh6 10. Qd2 Bxg5 11. Qxg5 Kf7 12. g4 Ne7 {1-0 (31) Larsson,J (2184)-Hedstrom,J (2086) Sweden 2018}) 7. b3 Ne4 8. Bxe4 {White has an edge.} fxe4 9. O-O Bg4 10. h3 Bh5 11. Qd2 e6 12. Na4 $36 {[%mdl 2048] White is more active.} Qa6 (12... Qc7 $11) 13. Nf4 Bf7 {And now ...h6 would win.} 14. Bh4 Nh6 15. f3 Nf5 16. Be1 g5 (16... exf3 $14 17. g4 Nd6) 17. fxe4 $16 dxe4 18. Ne2 O-O-O (18... b6 $16 {was worth a try.} 19. g4 Nd6) 19. Ng3 Bg6 20. Nxe4 {Hoping for Nec5.} Nxd4 (20... b6 $16) 21. exd4 $18 Bxe4 22. Rxf8 $2 ({Resist} 22. Qxg5 $6 Bd6 $14) (22. Bg3 $18) 22... Rhxf8 $11 23. Bf2 (23. Bg3 $11 {remains equal.} b6 24. Re1) 23... Qb5 ({Better is} 23... b6 $17 24. Re1 Bf5) 24. c4 {[#]} (24. Qe3 $1 $11 {keeps the balance.} Bxc2 25. Nc5) 24... Qf5 $1 $17 {White must now prevent ...Bxg2!} 25. Re1 {[#]} (25. Qe2 $17) 25... g4 $1 $19 {[%cal Rg4h3]} 26. h4 {[#]} Bxg2 $1 {[%mdl 512]} 27. Re5 $2 {[#]} (27. Kxg2 Qf3+ 28. Kg1) 27... Qxe5 $1 {[%mdl 576] Pin} 28. Kxg2 (28. dxe5 Rxd2) 28... Qe4+ {Black mates.} 29. Kh2 Rf3 30. Nc3 Rh3+ 31. Kg1 Rh1# {Accuracy: White = 37%, Black = 49%.} 0-1

[Event "Chesscup Rapid 2020"]
[Site "Katowice"]
[Date "2020.09.13"]
[Round "7.8"]
[White "Szwaj, Jacek"]
[Black "Sadzikowski, Daniel"]
[Result "0-1"]
[WhiteElo "1953"]
[BlackElo "2527"]
[Annotator "TA"]
[PlyCount "76"]
[EventDate "2020.09.12"]
[EventType "swiss"]
[EventCountry "POL"]
[SourceTitle "playchess.com"]
[Source "ChessBase"]
[SourceQuality "1"]

{[%evp 17,76,0,6,-4,13,14,28,0,0,0,0,0,10,10,10,15,14,-54,16,3,21,13,18,-32,-20,-29,-9,-37,14,7,39,-27,-21,-73,-96,-102,-79,-69,-60,-124,-127,-121,-92,-93,-33,-43,-45,-100,-64,-133,-116,-226,-140,-191,-198,-686,-683,-1139,-1014,-5289,-1825]} 1. e4 c5 2. Nf3 d6 3. d4 cxd4 4. Nxd4 Nf6 5. Nc3 a6 6. Be2 e5 7. Nb3 Be7 8. Qd3 O-O 9. O-O Be6 10. Nd5 {B92: Sicilian Najdorf: 6 Be2.} Bxd5 11. exd5 Nbd7 12. c4 {White has an edge.} a5 13. Be3 Ne8 14. Bg4 a4 15. Nd2 g6 16. Bxd7 Qxd7 {[#]} 17. f4 $146 (17. Nb1 $11) ({Predecessor:} 17. f3 f5 18. Nb1 Bd8 19. Nc3 Ba5 20. b3 axb3 21. axb3 Nf6 22. Nb5 Ra6 23. Ra4 {1-0 (51) Johnson,B (2167)-Kulmala,P (2371) ICCF email 2010}) 17... exf4 (17... f5 $15) 18. Bxf4 Bf6 19. Rab1 Bg7 20. Qg3 b5 21. b3 axb3 22. axb3 h6 (22... f5 $15) 23. Ne4 $11 {[%cal Rf4d6]} Ra6 24. cxb5 (24. c5 $14) 24... Qxb5 25. Rfd1 (25. Rbd1 $11) 25... f5 $36 {[%mdl 2048] White is under strong pressure.} 26. Nf2 g5 27. Bc1 Nf6 28. Qd3 (28. Bb2 $15) 28... Qxd3 29. Rxd3 Rb8 30. Bb2 Rb5 (30... Ra2 $17 31. Nd1 f4) 31. Bxf6 $1 $15 Bxf6 32. Kf1 ({White should try} 32. Nd1 $15) 32... Kg7 33. g3 (33. Nd1 $15) 33... Ra2 $17 {aiming for ...Rc5.} 34. Kg1 (34. Re1 $17) 34... Rb4 35. Rf3 {[#]} (35. Kf1 $17) 35... Kg6 $1 $19 36. g4 $2 (36. Rf1) 36... fxg4 {Black is clearly winning.} 37. Rg3 Bd4 38. Rg2 {[#]} Bb6 {Accuracy: White = 38%, Black = 68%.} (38... Rxb3 $142 $1 {[%mdl 512]} 39. Rf1 (39. Rxb3 Ra1+) 39... Rbb2) 0-1

[Event "Chesscup Rapid 2020"]
[Site "Katowice"]
[Date "2020.09.13"]
[Round "7.9"]
[White "Wnek, Filip"]
[Black "Kuzmicz, Krystian"]
[Result "0-1"]
[WhiteElo "1981"]
[BlackElo "2468"]
[Annotator "TA"]
[PlyCount "74"]
[EventDate "2020.09.12"]
[EventType "swiss"]
[EventCountry "POL"]
[SourceTitle "playchess.com"]
[Source "ChessBase"]
[SourceQuality "1"]

{[%evp 14,74,18,-43,-40,-44,-47,-52,-43,-120,-117,-116,-127,-117,-119,-97,-55,-153,-164,-260,-119,-148,-148,-222,-150,-171,-182,-166,-139,-139,-148,-146,-161,-166,-168,-169,-163,-158,-171,-219,-166,-219,-219,-219,-219,-220,-218,-222,-213,-258,-156,-303,-315,-415,-410,-402,-397,-405,-402,-6325,-6210,-1763,-1756]} 1. e4 c5 2. Nf3 e6 3. c4 Nc6 4. d4 cxd4 5. Nxd4 Nf6 6. Nc3 Bb4 7. Nxc6 bxc6 8. e5 ({White should try} 8. Bd3 $11) 8... Ne4 $1 $15 {[%cal Re4c3] B44: Sicilian: Taimanov: 5 Nb5.} 9. Bd2 $1 Nxd2 10. Qxd2 Qa5 {Black is slightly better.} 11. Qd4 (11. f4 $15) 11... Rb8 $17 12. Be2 Bc5 13. Qd2 O-O 14. O-O Qc7 {[#]} 15. Qg5 $146 (15. Ne4 $15 Qxe5 {[%mdl 64] Double Attack} 16. Nxc5 Qxc5 17. b3) ({Predecessor:} 15. Rae1 Qxe5 16. Bd3 Qc7 17. Ne4 Be7 18. g4 d5 19. cxd5 cxd5 20. Nc3 Rb4 21. h3 {½-½ (49) Zabala Bilbao,P-Menendez Artime,J Aviles 1970}) 15... Bd4 16. Rad1 (16. Qd2 {keeps fighting.} Bxe5 17. g3) 16... Qxe5 (16... Bxe5 $19 {and Black stays clearly on top.} 17. Qc1 Bxh2+ 18. Kh1 Bf4) 17. Qxe5 Bxe5 18. Na4 (18. Rd2 $17 {was called for.}) 18... d5 19. cxd5 cxd5 20. b3 Bd7 21. Nc5 Bc6 22. Rc1 Rfc8 23. Na6 Rb6 24. b4 Bf4 25. Rc2 Bb7 26. Rxc8+ Bxc8 27. b5 (27. Nc5 $142) 27... Bxa6 $1 $19 28. bxa6 {[%mdl 4096] Endgame KRB-KRB} Rb2 29. Bd3 Rd2 30. Rc1 {[%cal Rc1c8] [#]} g6 31. Bf1 Kg7 32. Rc8 (32. g3 $17 {was necessary.} Bd6 33. a4) 32... Be5 33. h3 Bd4 34. Bb5 Rxf2 35. Kh2 Rxa2 36. Rc7 (36. Rc1 $142) 36... Be5+ {[%mdl 64] [#] Double Attack} 37. Kg1 Bxc7 {Accuracy: White = 43%, Black = 70%.} 0-1

[Event "Chesscup Rapid 2020"]
[Site "Katowice"]
[Date "2020.09.13"]
[Round "7.10"]
[White "Warchol, Kamil"]
[Black "Walter, Szymon"]
[Result "0-1"]
[WhiteElo "1875"]
[BlackElo "2288"]
[Annotator "TA"]
[PlyCount "80"]
[EventDate "2020.09.12"]
[EventType "swiss"]
[EventCountry "POL"]
[SourceTitle "playchess.com"]
[Source "ChessBase"]
[SourceQuality "1"]

{[%evp 9,80,130,162,160,175,81,75,22,35,16,27,25,92,95,114,106,172,158,145,26,136,0,0,-112,-105,-106,-101,-124,-31,-43,-31,-49,-58,-53,-31,-195,-179,-331,-332,-337,-195,-196,-178,-234,-4,-16,51,40,45,42,48,0,0,-48,-51,-120,-57,-155,-128,-631,-595,-531,-476,-938,-583,-29994,-29995,-29996,-29996,-29996,-29997,-29997,-29998]} 1. e4 g5 2. d4 Bg7 3. Nc3 h6 4. Nge2 d6 5. Be3 {[#]} Nd7 $146 ({Predecessor:} 5... Nf6 6. h3 Nbd7 7. Ng3 e6 8. Bd3 a6 9. Nce2 c5 10. c3 Qc7 11. Qd2 b6 {1-0 (41) Welling,G (2338)-Mueck,H (1869) Schwaebisch Gmuend 2016}) 6. Qd2 {B00: Queen's Fianchetto Defence, Nimzowitsch Defence.} Ngf6 7. g3 (7. h4 $18 {and White stays clearly on top.}) 7... Ng4 $16 8. Bg2 (8. O-O-O $16) 8... Nxe3 $11 9. fxe3 c5 10. h4 e6 (10... gxh4 $11 11. O-O-O (11. gxh4 h5 $11) (11. Rxh4 Bf6 $11) 11... Qa5) 11. O-O-O $16 a6 12. hxg5 hxg5 (12... Qxg5 $16 {is a better defense.} 13. Kb1 O-O) 13. Rxh8+ $18 Bxh8 14. a4 (14. e5 $1 $16) 14... Rb8 (14... Bg7 $11) 15. Rh1 (15. e5 $1 $16) 15... Bg7 $1 $11 16. dxc5 (16. g4 $11 {keeps the balance.}) 16... dxc5 $17 17. Rh7 Be5 18. Ng1 b5 ({Black should try} 18... g4 $1 $17 19. Rh4 Qg5) 19. Nf3 $1 $15 {[%cal Rf3e5]} Qf6 20. axb5 $1 axb5 21. Nxe5 Qxe5 22. Qf2 $2 {[#]} (22. Bf1 $1 $15) 22... Nf6 $1 $19 {[%cal Rf6h7]} 23. Rh8+ $2 {[#]} (23. Rh1) 23... Ke7 $1 24. Qd2 {[%csl Gh8][%cal Rd2d8]} Bd7 (24... Ne8 $142 25. Rg8 b4) 25. Rxb8 Qxb8 26. Ne2 (26. b4 {might work better.}) 26... Qa8 $2 (26... b4 $19 {Threatens to win with ...Bc6.} 27. c3 Bc6) 27. Qc3 $11 {And now Qxf6+! would win.} Qc6 (27... Nxe4 $11 28. Bxe4 Qxe4) 28. Qe5 $14 Ne8 {White should prevent ...f6.} 29. Qxg5+ f6 $1 {[%cal Rf6g5]} 30. Qf4 e5 31. Qf1 b4 $1 {[%mdl 1024] Black has compensation.} 32. Qd1 (32. Bf3 $15) 32... Be6 ({Black should play} 32... Nd6 $17 33. Qd5 Qc8) 33. b3 (33. Bf3 $1 $15) 33... Nd6 34. Qd3 $2 {[%mdl 8192] [#]} (34. Kd2 $17) 34... c4 $1 $19 {[%mdl 512]} 35. bxc4 {intending Nf4.} Nxc4 36. Qb3 (36. Nc3 $142 bxc3 37. Qxc3) 36... Qc5 37. c3 Qxe3+ {[%mdl 64] Double Attack. Black mates.} 38. Kc2 Qxe2+ 39. Kc1 Qd2+ {[%mdl 64] Double Attack} 40. Kb1 Na3+ {[%mdl 64] Discovered Attack. Both players deserved the win here. Accuracy: White = 38%, Black = 56%.} 0-1

[Event "Chesscup Rapid 2020"]
[Site "Katowice"]
[Date "2020.09.13"]
[Round "8.1"]
[White "Socko, Bartosz"]
[Black "Piorun, Kacper"]
[Result "1/2-1/2"]
[WhiteElo "2601"]
[BlackElo "2596"]
[Annotator "TA"]
[PlyCount "127"]
[EventDate "2020.09.12"]
[EventType "swiss"]
[EventCountry "POL"]
[SourceTitle "playchess.com"]
[Source "ChessBase"]
[SourceQuality "1"]

{[%evp 20,127,9,-4,12,3,35,4,81,66,99,115,101,103,95,85,95,69,87,96,97,103,93,56,53,28,81,90,427,435,400,414,427,450,453,459,400,380,369,358,294,233,225,225,308,58,56,60,76,54,52,33,33,16,16,16,17,0,17,0,16,0,0,0,0,0,16,16,16,16,16,16,17,17,17,17,17,16,16,16,16,16,16,16,16,16,16,16,16,16,16,16,16,16,16,16,16,16,16,16,16,16,16,16,16,0,16,0,16,0]} 1. g3 Nf6 2. Bg2 g6 3. d4 Bg7 4. e4 d6 5. Nc3 O-O 6. Nge2 Nc6 7. h3 e5 8. Be3 exd4 9. Nxd4 Bd7 10. O-O Re8 11. Kh2 Ne5 {B07: Pirc Defence: Miscellaneous Systems.} 12. b3 a6 13. a4 {[#]} h5 $146 {[#]} (13... c5 $11 14. Nde2 Bc6) ({Predecessor:} 13... c5 14. Nde2 Bc6 15. Qd2 b5 16. axb5 axb5 17. Rxa8 Qxa8 18. Qxd6 Nxe4 19. Nxe4 Bxe4 {0-1 (27) Koelman,L-Rausis,I (2486) Haarlem 2000}) 14. Qd2 $1 $16 Qc8 15. f4 Nc6 16. Rae1 Rb8 17. Nxc6 Bxc6 18. Bd4 b5 19. axb5 axb5 20. f5 Nd7 21. f6 Bf8 22. Nd5 Ne5 (22... Bb7 $11) 23. Qg5 Bxd5 $4 {[%mdl 8192]} (23... Bb7 $16 {is tougher.}) 24. exd5 $18 Kh7 25. Be4 ({Not} 25. Bxe5 Bh6 $14) 25... Bh6 26. Qxh5 {[#] Hoping for Be3.} Rh8 27. Bxe5 ({Weaker is} 27. Be3 Kg8 $11) 27... dxe5 28. Qxe5 {White threatens Bxg6+! and mate.} Re8 29. Qd4 Qd7 30. Bg2 Rxe1 31. Rxe1 {Strongly threatening Re7.} Re8 32. Re5 $2 (32. Rxe8 $18 Qxe8 33. Qc5) 32... Rxe5 $14 33. Qxe5 {Threatens to win with Qe7.} Bf8 $1 34. h4 Bd6 35. Qe4 b4 36. Bh3 Qd8 {The position is equal.} 37. Qf3 Be5 38. h5 Qxf6 39. hxg6+ fxg6 40. Qe3 (40. Qxf6 {looks sharper.} Bxf6 41. Kg2 Kg7 42. Kf3 Bc3 43. Be6) 40... Bd6 41. Kg2 Kg7 42. Bg4 Qe5 (42... Qb2 {keeps more tension.} 43. Bd1 Kf7 44. Qd3 Qe5 45. Be2 Qg5) 43. Qxe5+ Bxe5 $11 {[%mdl 4096] Endgame KB-KB} 44. Kf3 Kf6 45. Bc8 Bd6 46. g4 g5 47. Ke4 Ke7 48. Bf5 Bf4 49. Kd4 Kd6 50. Kc4 Bd2 51. Bc8 Bc3 52. Bb7 Be1 53. Bc6 Bc3 54. Ba8 Be1 55. Bb7 Bc3 56. Bc6 Be1 57. Kd4 Bc3+ 58. Ke4 Bd2 59. Bb5 Bc3 60. Bd3 Bd2 61. Bc4 Bc3 62. Bd3 Bd2 63. Bc4 Bc3 64. Bd3 {White really could win this. Accuracy: White = 84%, Black = 80%.} 1/2-1/2

[Event "Chesscup Rapid 2020"]
[Site "Katowice"]
[Date "2020.09.13"]
[Round "8.2"]
[White "Kuzmicz, Krystian"]
[Black "Nasuta, Grzegorz"]
[Result "1-0"]
[WhiteElo "2468"]
[BlackElo "2553"]
[Annotator "TA"]
[PlyCount "57"]
[EventDate "2020.09.12"]
[EventType "swiss"]
[EventCountry "POL"]
[SourceTitle "playchess.com"]
[Source "ChessBase"]
[SourceQuality "1"]

{[%evp 11,57,-10,-7,-12,10,-18,-20,-25,-26,-18,-24,-19,-20,-65,-39,-73,-48,-101,-96,-97,-104,-112,0,0,0,0,88,91,135,161,212,213,348,345,331,299,544,550,544,542,506,518,515,502,573,566,558,549]} 1. g3 d5 2. Bg2 g6 3. f4 Bg7 4. Nf3 Nf6 5. O-O O-O 6. d3 Nc6 7. e3 {A03: Bird's Opening with 1...d5.} Qd6 8. Nc3 e5 {[#]} 9. e4 $146 {The position is equal.} ({Predecessor:} 9. h3 Re8 10. g4 exf4 11. exf4 d4 12. Nb5 Qd8 13. Re1 Rxe1+ 14. Qxe1 a6 15. Na3 {0-1 (47) Jakubiec,A (2500)-Paszewski,M (2327) Poland 2017}) 9... dxe4 10. dxe4 Qc5+ 11. Kh1 Be6 {Threatens to win with ...Bc4.} 12. Qe1 Bc4 13. Be3 Qe7 {White must now prevent ...exf4.} 14. f5 (14. Rg1 $15) 14... Bxf1 $17 15. Qxf1 Rad8 16. Bg5 gxf5 (16... Qd6 $17 17. fxg6 hxg6) 17. Nh4 $11 Nd4 {...h6 is the strong threat.} 18. Nd5 {[#]} Qd6 {[#]} (18... Rxd5 $1 $11 19. exd5 f4) 19. c3 $1 $16 {[%cal Rc3d4]} Nxd5 20. exd5 f6 (20... Bf6 $142) 21. Bd2 {[#]} Nb5 (21... Nc6 $1 {is a better defense.}) 22. Qxb5 c6 23. Qxb7 cxd5 $2 (23... Rf7 24. Qb3 (24. Qxc6 Qxc6 25. dxc6 Rxd2 $11) (24. Nxf5 Rxb7 25. Nxd6 Rxd6 $16) 24... cxd5 25. Nxf5 Qd7) 24. Nxf5 $18 {[%csl Gf5][%cal Rb7g7][%mdl 64] Double Attack. White is clearly winning.} Qd7 25. Qxd7 Rxd7 {[#]} 26. Bxd5+ $1 {[%mdl 512]} Kh8 (26... Rxd5 27. Ne7+) 27. c4 Rb8 28. Nxg7 Kxg7 29. b4 {Accuracy: White = 79%, Black = 51%.} 1-0

[Event "Chesscup Rapid 2020"]
[Site "Katowice"]
[Date "2020.09.13"]
[Round "8.3"]
[White "Walter, Szymon"]
[Black "Miton, Kamil"]
[Result "0-1"]
[WhiteElo "2288"]
[BlackElo "2590"]
[Annotator "TA"]
[PlyCount "74"]
[EventDate "2020.09.12"]
[EventType "swiss"]
[EventCountry "POL"]
[SourceTitle "playchess.com"]
[Source "ChessBase"]
[SourceQuality "1"]

{[%evp 17,74,17,36,23,30,0,0,-16,-4,-32,-25,-33,-34,-42,-36,-53,-35,-35,-44,-89,-82,-82,-18,-12,-20,-32,-8,-39,-37,-41,-33,-40,-35,-76,-65,-159,-12,-20,-19,-244,-244,-299,-305,-332,-356,-352,-342,-486,-497,-490,-453,-527,-434,-480,-479,-572,-551,-1027,-510]} 1. e4 c5 2. Nf3 d6 3. d4 cxd4 4. Nxd4 Nf6 5. Nc3 Bd7 6. g3 e6 7. Bg2 a6 8. O-O Be7 9. Be3 Nc6 10. Nxc6 {B80: Sicilian Scheveningen: 6 g3 and 6 Be3, including English Attack.} Bxc6 {[#]} 11. Qd3 $146 ({Predecessor:} 11. a4 O-O 12. a5 Nd7 13. Na4 f5 14. Nb6 Nxb6 15. Bxb6 Qd7 16. Qd3 fxe4 17. Bxe4 Bxe4 18. Qxe4 Bd8 19. Bd4 Bf6 20. Rad1 d5 21. Qe3 {½-½ (65) Malakhov,V (2722)-Naiditsch,A (2712) Danzhou 2017}) 11... O-O 12. h3 {The position is equal.} Nd7 13. f4 b5 14. a3 Qc7 15. Rad1 Rfd8 16. g4 Nb6 17. g5 d5 18. Qe2 dxe4 19. Nxe4 Bd5 (19... Nd5 $17 20. Qf3 Nxe3 21. Qxe3 b4 22. axb4 Bb5 23. Rxd8+ Rxd8) 20. Qf2 $11 Nc4 21. Bd4 Rab8 22. b3 Nxa3 23. Be5 Qc6 $1 24. Bxb8 Rxb8 25. Qe2 Qxc2 26. Nd2 (26. Qxc2 $15 Nxc2 27. Rd3) 26... Qc5+ (26... Bxb3 $17 {aiming for ...Qc5+.} 27. Rc1 Qb2) 27. Kh2 Nc2 {...Bxg2 is the strong threat.} 28. Ne4 $2 {[#] White does not recover from this.} (28. Bxd5 $11 {and White has nothing to worry.} exd5 29. Rc1) 28... Bxe4 $1 $19 29. Bxe4 Ne3 {[%mdl 64] Double Attack} 30. Rd3 Nxf1+ 31. Qxf1 {[#]} Bxg5 $1 32. Rd7 (32. Qf3 {keeps fighting.} Bd8 33. Qe3 Qxe3 34. Rxe3) (32. fxg5 Qe5+) 32... Rd8 {Black is clearly winning.} 33. Rxd8+ Bxd8 34. Qd3 Qc7 35. Kg2 g6 36. h4 Bxh4 37. Kf3 Bf6 {Accuracy: White = 45%, Black = 82%.} (37... f5 $142 38. Qd2 fxe4+ 39. Kxe4 h5) 0-1